Statistiques concernant Pays du monde ayant été dans le top 3 en coupe du monde de football

Cliquez ici pour prendre le quiz!

Statistiques générales

  • Ce quiz a été pris 251 fois
    (185 depuis la dernière actualisation)
  • Le résultat moyen est 13 sur 20

Statistiques - réponses

Meilleure classementRéponses% Correct
1-ère place (vainqueur)France
100%
1-ère place (vainqueur)Brésil
99%
1-ère place (vainqueur)Allemagne
97%
1-ère place (vainqueur)Argentine
96%
1-ère place (vainqueur)Espagne
93%
1-ère place (vainqueur)Italie
90%
1-ère place (vainqueur)Angleterre
85%
1-ère place (vainqueur)Uruguay
85%
2-ème place (finaliste)Croatie
76%
3-ème placeBelgique
75%
2-ème place (finaliste)Pays bas
74%
3-ème placePortugal
66%
2-ème place (finaliste)Suède
58%
3-ème placeEtats-Unis
49%
3-ème placeChili
33%
2-ème place (finaliste)Hongrie
31%
3-ème placeTurquie
29%
3-ème placePologne
26%
3-ème placeAutriche
24%
2-ème place (finaliste)Tchecoslovaquie
19%

Distribution des résultats

Percentile par nombre de réponses

% des personnes avec chaque résultat

Votre développement - résultats

Vous n’avez pas pris ce quiz depuis la dernière actualisation